<?xml version="1.0" encoding="UTF-8"?>
<collection xmlns="http://www.loc.gov/MARC21/slim">
    <record>
        <controlfield tag="001">95035</controlfield>
        <controlfield tag="005">20200904094319.0</controlfield>
        <datafield tag="024" ind1="7" ind2=" ">
            <subfield code="2">doi</subfield>
            <subfield code="a">10.1093/jac/dkz346</subfield>
        </datafield>
        <datafield tag="024" ind1="8" ind2=" ">
            <subfield code="2">sideral</subfield>
            <subfield code="a">115376</subfield>
        </datafield>
        <datafield tag="037" ind1=" " ind2=" ">
            <subfield code="a">ART-2019-115376</subfield>
        </datafield>
        <datafield tag="041" ind1=" " ind2=" ">
            <subfield code="a">eng</subfield>
        </datafield>
        <datafield tag="100" ind1=" " ind2=" ">
            <subfield code="a">Del Barrio-Tofiño, Ester</subfield>
        </datafield>
        <datafield tag="245" ind1=" " ind2=" ">
            <subfield code="a">Association between Pseudomonas aeruginosa O-antigen serotypes, resistance profiles and high-risk clones: results from a Spanish nationwide survey</subfield>
        </datafield>
        <datafield tag="260" ind1=" " ind2=" ">
            <subfield code="c">2019</subfield>
        </datafield>
        <datafield tag="506" ind1="0" ind2=" ">
            <subfield code="a">Access copy available to the general public</subfield>
            <subfield code="f">Unrestricted</subfield>
        </datafield>
        <datafield tag="520" ind1="3" ind2=" ">
            <subfield code="a">Objectives: To evaluate the correlation of O-antigen serotypes with resistance profiles and high-risk clones in a Spanish nationwide survey.
Methods: Up to 30 consecutive healthcare-associated Pseudomonas aeruginosa isolates were collected during October 2017 from each of 51 hospitals (covering all Spanish regions) with a total of 1445 isolates studied. MICs of 13 antipseudomonal agents and MDR/XDR profiles had been previously determined, as well as whole-genome sequences of 185 representative XDR isolates. O-antigen serotypes (O1–O16) were determined by agglutination using serotype-specific antisera (BioRad). The Pseudomonas aeruginosa serotyper (PAst) program was used for in silico serotyping.
Results: The most frequent serotypes were O6 (17.8%), O1 (15.4%) and O11 (13.3%). In contrast, the most frequent serotype among XDR isolates (17.3%) was O4 (34.1%), distantly followed by O11 (15.9%). Within serotypes, XDR phenotypes were more frequent for O12 (60.0%) and O4 (57.3%). The most frequent clone among the XDR isolates was ST175 (40.9%), followed by CC235 (10.7%), ST308 (5.2%) and CC111 (3.6%). Up to 81.6%of XDR ST175 isolates typed O4, whereas 18.4% were non-typeable. O4 genotype was detected in all sequenced (n=55) ST175 isolates. On the other hand, CC235 and ST308 were associated with O11, whereas CC111 was linked to serotype O12.
Conclusions: O4 serotype is linked to the MDR/XDR profile of widespread ST175 (typically only susceptible to colistin, amikacin and the novel combinations ceftolozane/tazobactam and ceftazidime/avibactam) and therefore, after local validation, its detection in the microbiology laboratory might be useful for guiding semi-empirical antipseudomonal therapies and infection control measures in Spanish hospitals.</subfield>
        </datafield>
        <datafield tag="536" ind1=" " ind2=" ">
            <subfield code="9">info:eu-repo/grantAgreement/ES/ISCIII/PI15-00088</subfield>
            <subfield code="9">info:eu-repo/grantAgreement/ES/ISCIII/PI18-00076</subfield>
            <subfield code="9">info:eu-repo/grantAgreement/ES/MINECO-FEDER/ISCIII-REIPI-RD16-0016</subfield>
        </datafield>
        <datafield tag="540" ind1=" " ind2=" ">
            <subfield code="9">info:eu-repo/semantics/openAccess</subfield>
            <subfield code="a">All rights reserved</subfield>
            <subfield code="u">http://www.europeana.eu/rights/rr-f/</subfield>
        </datafield>
        <datafield tag="590" ind1=" " ind2=" ">
            <subfield code="a">5.439</subfield>
            <subfield code="b">2019</subfield>
        </datafield>
        <datafield tag="591" ind1=" " ind2=" ">
            <subfield code="a">INFECTIOUS DISEASES</subfield>
            <subfield code="b">10 / 93 = 0.108</subfield>
            <subfield code="c">2019</subfield>
            <subfield code="d">Q1</subfield>
            <subfield code="e">T1</subfield>
        </datafield>
        <datafield tag="591" ind1=" " ind2=" ">
            <subfield code="a">PHARMACOLOGY &amp; PHARMACY</subfield>
            <subfield code="b">22 / 270 = 0.081</subfield>
            <subfield code="c">2019</subfield>
            <subfield code="d">Q1</subfield>
            <subfield code="e">T1</subfield>
        </datafield>
        <datafield tag="591" ind1=" " ind2=" ">
            <subfield code="a">MICROBIOLOGY</subfield>
            <subfield code="b">24 / 134 = 0.179</subfield>
            <subfield code="c">2019</subfield>
            <subfield code="d">Q1</subfield>
            <subfield code="e">T1</subfield>
        </datafield>
        <datafield tag="592" ind1=" " ind2=" ">
            <subfield code="a">2.23</subfield>
            <subfield code="b">2019</subfield>
        </datafield>
        <datafield tag="593" ind1=" " ind2=" ">
            <subfield code="a">Infectious Diseases</subfield>
            <subfield code="c">2019</subfield>
            <subfield code="d">Q1</subfield>
        </datafield>
        <datafield tag="593" ind1=" " ind2=" ">
            <subfield code="a">Pharmacology (medical)</subfield>
            <subfield code="c">2019</subfield>
            <subfield code="d">Q1</subfield>
        </datafield>
        <datafield tag="593" ind1=" " ind2=" ">
            <subfield code="a">Pharmacology</subfield>
            <subfield code="c">2019</subfield>
            <subfield code="d">Q1</subfield>
        </datafield>
        <datafield tag="593" ind1=" " ind2=" ">
            <subfield code="a">Microbiology (medical)</subfield>
            <subfield code="c">2019</subfield>
            <subfield code="d">Q1</subfield>
        </datafield>
        <datafield tag="655" ind1=" " ind2="4">
            <subfield code="a">info:eu-repo/semantics/article</subfield>
            <subfield code="v">info:eu-repo/semantics/acceptedVersion</subfield>
        </datafield>
        <datafield tag="700" ind1=" " ind2=" ">
            <subfield code="a">Sánchez-Diener, Irina</subfield>
        </datafield>
        <datafield tag="700" ind1=" " ind2=" ">
            <subfield code="a">Zamorano, Laura</subfield>
        </datafield>
        <datafield tag="700" ind1=" " ind2=" ">
            <subfield code="a">Cortes-Lara, Sara</subfield>
        </datafield>
        <datafield tag="700" ind1=" " ind2=" ">
            <subfield code="a">López-Causapé, Carla</subfield>
        </datafield>
        <datafield tag="700" ind1=" " ind2=" ">
            <subfield code="a">Cabot, Gabriel</subfield>
        </datafield>
        <datafield tag="700" ind1=" " ind2=" ">
            <subfield code="a">Bou, Germán</subfield>
        </datafield>
        <datafield tag="700" ind1=" " ind2=" ">
            <subfield code="a">Martínez-Martínez, Luis</subfield>
        </datafield>
        <datafield tag="700" ind1=" " ind2=" ">
            <subfield code="a">Oliver, Antonio</subfield>
        </datafield>
        <datafield tag="700" ind1=" " ind2=" ">
            <subfield code="a">on behalf of the GEMARA-SEIMC/REIPI Pseudomonas study group</subfield>
        </datafield>
        <datafield tag="700" ind1=" " ind2=" ">
            <subfield code="0">(orcid)0000-0002-2519-701X</subfield>
            <subfield code="a">Castillo-García, Francisco Javier</subfield>
            <subfield code="u">Universidad de Zaragoza</subfield>
        </datafield>
        <datafield tag="700" ind1=" " ind2=" ">
            <subfield code="0">(orcid)0000-0002-9742-1463</subfield>
            <subfield code="a">Seral, Cristina</subfield>
            <subfield code="u">Universidad de Zaragoza</subfield>
        </datafield>
        <datafield tag="710" ind1="2" ind2=" ">
            <subfield code="1">1008</subfield>
            <subfield code="2">630</subfield>
            <subfield code="a">Universidad de Zaragoza</subfield>
            <subfield code="b">Dpto. Microb.Med.Pr.,Sal.Públ.</subfield>
            <subfield code="c">Área Microbiología</subfield>
        </datafield>
        <datafield tag="773" ind1=" " ind2=" ">
            <subfield code="g">74, 11 (2019), 3217-3220</subfield>
            <subfield code="p">J. antimicrob. chemother.</subfield>
            <subfield code="t">The Journal of antimicrobial chemotherapy</subfield>
            <subfield code="x">1460-2091</subfield>
        </datafield>
        <datafield tag="856" ind1="4" ind2=" ">
            <subfield code="s">141090</subfield>
            <subfield code="u">http://zaguan.unizar.es/record/95035/files/texto_completo.pdf</subfield>
            <subfield code="y">Postprint</subfield>
        </datafield>
        <datafield tag="856" ind1="4" ind2=" ">
            <subfield code="s">50331</subfield>
            <subfield code="u">http://zaguan.unizar.es/record/95035/files/texto_completo.jpg?subformat=icon</subfield>
            <subfield code="x">icon</subfield>
            <subfield code="y">Postprint</subfield>
        </datafield>
        <datafield tag="909" ind1="C" ind2="O">
            <subfield code="o">oai:zaguan.unizar.es:95035</subfield>
            <subfield code="p">articulos</subfield>
            <subfield code="p">driver</subfield>
        </datafield>
        <datafield tag="951" ind1=" " ind2=" ">
            <subfield code="a">2020-09-04-08:30:34</subfield>
        </datafield>
        <datafield tag="980" ind1=" " ind2=" ">
            <subfield code="a">ARTICLE</subfield>
        </datafield>
    </record>

    
</collection>